| 000 | 00747pam a2200253 a 4500 | ||
|---|---|---|---|
| 001 | 1508756 | ||
| 003 | ASAB | ||
| 005 | 20180827062625.0 | ||
| 008 | 890815s1989 nyua b 001 0 eng | ||
| 010 | _a 89023394 | ||
| 020 | _z81-7649-213-2 | ||
| 040 |
_aDLC _cASAB _dDLC |
||
| 050 | 0 | 0 |
_aTS1968 _b.M68 1989 |
| 082 | 0 | 0 |
_a664 _220 |
| 100 | 1 |
_aMountney, George J. _91688 |
|
| 245 | 1 | 0 |
_aPoultry products technology / _cby George J. Mountney. |
| 250 | _a2nd ed. | ||
| 260 |
_aBinghamton, N.Y. : _bFood Products Press, _cc1989. |
||
| 300 |
_aix, 446 p. : _bill. ; _c21 cm. |
||
| 504 | _aIncludes bibliographical references. | ||
| 650 | 0 |
_aPoultry _xProcessing. _91689 |
|
| 906 |
_a7 _bcbc _corignew _d1 _eocip _f19 _gy-gencatlg |
||
| 942 |
_2ddc _cBK |
||
| 999 |
_c480049 _d480049 |
||